Wiedza ogólna - Statystyki

Ogólne statystyki
  • Ten quiz został rozwiązany 27 razy
  • Średni wynik to 11 z 15
Statystyki odpowiedzi
Pytanie Odpowiedź % Poprawnych
Wołacz słowa "papuga" Papugo
100%
Przysłówek od przymiotnika "piękny" Pięknie
96%
Liberum ______ polegało na tym, że nawet jak jedna osoba się nie zgodzi, nie można podjąć decyzji Veto
96%
Nie jest organizmem: protist, zwierzę, wirus, bakteria, grzyb, roślina(wybierz jedno) Wirus
84%
³√8 2
80%
Ćwierćnuta jest równa ___ ósemkom(napisz cyfrą) 2
80%
Półnuta jest równa ___ szesnastkom (napisz cyfrą) 8
80%
Stolica Kanady Ottawa
80%
Rok koronacji Chrobrego 1025
76%
Jest _____ (napisz cyfrą) czynności życiowych. 7
76%
I ______ doing my homework. Am
76%
2+(4•6)-7+3 22
68%
Leży pod poziomem morza Depresja
56%
She isn't_______now.(Ona się teraz nie uczy.) Studying
56%
Kompozycja skupiająca się na środku dzieła. Jest to kompozycja_______. Centralna
28%
Nie znaleziono quizów pasujących do podanych kryteriów
Rozkład punktacji
Procent ludzi z każdym wynikiem
Percentyl według liczby udzielonych odpowiedzi
Twoja historia wyników
Nie rozwiązałeś tego quizu